000 00640nam a2200181 i 4500
001 44107
003 ES-MaACL
005 20250726084058.0
007 t|
008 030320s1910 pr ||||1| spa d
100 1 _aCestero, Ferdinand R.
_937697
245 1 0 _aMemoria presentada por el presidente del Ateneo Ferdinand R. Cestero dando cuenta de los trabajos realizados por la Junta Directiva al cesar en el año 1808.
260 _aSan Juan de Puerto Rico :
_b[s.n.,
_c1910]
500 _aPrecede al tít.: Ateneo Puertorriqueño.
710 2 _aAteneo Puertorriqueño
_92054
852 _aES-MaACL
_jT-1251-F-8
999 _c44107
_d44107